000 00443nam a2200157 4500
001 116726
003 ES-MaACL
005 20230906190746.0
007 t|
008 061121s1907 po r ||||1| por d
100 1 _aPascoais, Teixeira de (
_d1877-1952)
_989331
245 1 0 _aAs sombras /
_cTeixeira de Pascoais.
260 _aLisboa :
_b[s.n.],
_c1907 (
_fTip. Anuario Comercial)
300 _a210 p. ;
_c19 cm.
852 _aES-MaACL
_jF-10956
999 _c116726
_d116726